|
|
|
|
| LEADER |
00000nam a2200000Ii 4500 |
| 001 |
DIGCAJABK0009 |
| 003 |
NyNyDIG |
| 006 |
m o d |
| 007 |
cr ||||||||||| |
| 008 |
240722s2020 sp o 000 0 spa d |
| 035 |
|
|
|a (OCoLC)1449535878
|
| 040 |
|
|
|a DGITA
|b eng
|e rda
|e pn
|c DGITA
|
| 020 |
|
|
|a 9788417496364
|q (epub)
|
| 020 |
|
|
|z 9788417496135
|
| 041 |
1 |
|
|a spa
|h pol
|
| 043 |
|
|
|a e-ru---
|
| 050 |
1 |
4 |
|a DK771.K67 ebook
|
| 082 |
0 |
4 |
|a 915.77
|2 23
|
| 100 |
1 |
|
|a Hugo-Bader, Jacek,
|d 1957-
|e author.
|
| 240 |
1 |
0 |
|a Dzienniki kolymskie.
|l Spanish
|s (Rubio García and Orzeszek)
|
| 245 |
1 |
0 |
|a Diarios de Kolimá :
|b en autostop por la Rusia extrema /
|c Jacek Hugo-Bader ; traducción de Ernesto Rubio y Agata Orzeszek.
|
| 250 |
|
|
|a Primera edición.
|
| 264 |
|
1 |
|a [Valencia] :
|b La Caja Books,
|c [2020]
|
| 300 |
|
|
|a 1 online resource.
|
| 336 |
|
|
|a text
|b txt
|2 rdacontent
|
| 337 |
|
|
|a computer
|b c
|2 rdamedia
|
| 338 |
|
|
|a online resource
|b cr
|2 rdacarrier
|
| 347 |
|
|
|a text file
|2 rdaft
|
| 347 |
|
|
|b EPUB
|
| 490 |
1 |
|
|a Caja alta
|
| 588 |
0 |
|
|a Online resource; title from ePub title page (Digitalia, viewed July 22, 2024)
|
| 600 |
1 |
0 |
|a Hugo-Bader, Jacek,
|d 1957-
|x Travel
|z Russia (Federation)
|z Kolyma River Region.
|
| 650 |
|
0 |
|a Kolyma River (Russia)
|x Description and travel.
|
| 700 |
1 |
|
|a Rubio García, Ernesto,
|e translator.
|
| 700 |
1 |
|
|a Orzeszek, Agata,
|e translator
|
| 700 |
1 |
|
|i Translation of:
|a Hugo-Bader, Jacek,
|d 1957-
|t Dzienniki kolymskie.
|
| 791 |
2 |
|
|a Digitalia (Firm),
|e distributor.
|
| 793 |
0 |
|
|g Digitalia eBook Collection:
|a La Caja Books
|
| 776 |
0 |
8 |
|i Print version:
|a Hugo-Bader, Jacek, 1957-
|s Dzienniki kolymskie. Spanish (Rubio García and Orzeszek).
|t Diarios de Kolimá.
|b Primera edición.
|d [Valencia] : La Caja Books, [2020]
|z 9788417496135
|
| 830 |
|
0 |
|a Caja alta ;
|v 2.
|
| 856 |
4 |
0 |
|3 Digitalia Hispánica
|u https://www.digitaliapublishing.com/a/100030/
|
| 910 |
|
|
|a Premium collection: 2024
|